| 000 | 00900nam a2200265Ia 4500 | ||
|---|---|---|---|
| 008 | 191130s1996##################000#0#eng## | ||
| 020 | _a9780700704712 | ||
| 022 | _a96188618 | ||
| 040 |
_aACL _cACL |
||
| 082 | _a307.720954 ROB | ||
| 245 |
_aLocal agrarian societies in colonial India : Japanese perspectives _cedited by Peter Robb, Kaoru Sugihara and Haruka Yanagisawa |
||
| 260 |
_aRichmond, Surrey _bCurzon Press _cc1996 |
||
| 300 | _avi, 403 p. : ill., maps ; 23 cm | ||
| 500 | _aIncludes bibliographical references | ||
| 650 | _aAgriculture - Economic aspects - India | ||
| 650 | _aFamines - India | ||
| 650 | _aIndia - History - British occupation, 1765-1947 | ||
| 650 | _aIndia - Rural conditions | ||
| 700 | _aRobb, Peter | ||
| 700 | _aSugihara, Kaoru | ||
| 700 | _aYanagisawa, Haruka | ||
| 990 | _a9b34b1b8ac10000c197a7a2368fe5017 | ||
| 991 | _a210336 | ||
| 999 |
_c234731 _d234731 |
||